000 02082cam a22004574i 4500
003 PE-LiUPU
005 20250731173513.0
008 150616s r 000 0 d
020 _a0664219152
035 _a(Sirsi) i9780664219154
040 _aPE-LiUPU
_bspa
_cPE-LiUPU
_erda
049 _aPRUA
082 0 4 _a239.28193
_bG79
_221
100 1 _aGrant, Robert Mc Queen,
_eautor.
245 1 0 _aGreek Apologists of the Second Century.
264 1 _aPhiladelphia :
_bWestminster Press,
_c1973.
300 _a254 páginas :
_bilustraciones (fotos) ;
_c23 centímetros
336 _atext
_2rdacontent
337 _aunmediated
_2rdamedia
338 _avolume
_2rdacarrier
505 0 _aThe Background of Christian Apologetic.- The Beginnings of Christian Apologetic.- The Reign of Trahan.- The Reign of Hadrian.- Antoninus Pius and the Christians.- Justin: Church, Bible, and Theology.- Justin on Moral Questions.- Marcus Aurelius and the Christians.- Apollinaris of Hierapolis.- Melito of Sardis.- Athenagoras of Athens.- The Gallican Martyrs and Tatian.- Tatian on the Bible and Theology.- Celsus Against the Christians.- Theophilus of Antioch.- Theophilus and Literature.- Theophilus and the Bible.- The Theology of Theophilus.- Early Alexandrian Christianity.- Early Use of the Apologists.
526 _aSEG42
526 _aSEG41
526 _aSEG40
526 _aSEG39
526 _aP94
526 _aP87
526 _aP86
526 _aP85
526 _aP77
526 _aP76
526 _aP35
650 0 4 _aPADRES DE LA IGLESIA GRIEGA - SIGLO II - APOLOGETICA.
910 _ajck
_bjvq
_cjck
942 _2ddc
_cBOOK
949 _a239.28193 G79
_wDEWEY
_c1
_i41277
_lCCODEBUL1
_mBUL
_r0
_sY
_tBOOK
_u2015-6-16
_xTEOLOGIA
_zUNKNOWN
_0COMPRA
_o.STAFF. Colección General
994 _aC0
_bPEPRU
596 _a1
999 _a239.28193 G79
_wDEWEY
_c59042
_i41277
_f2021-11-10
_g5
_lCCODEBUL1
_mBUL
_r0
_sY
_tBOOK
_u2015-6-16
_xTEOLOGIA
_zUNKNOWN
_0COMPRA
_o.STAFF. Colección General
_d59042
980 _81
_gALBERTO SANCHEZ Responsable de Automatización